<?xml version="1.0" encoding="UTF-8"?>
<collection xmlns="http://www.loc.gov/MARC21/slim">
  <record>
    <leader>00000nam  2200000   4500</leader>
    <controlfield tag="001">INLIS000000000018849</controlfield>
    <controlfield tag="005">20241220111850</controlfield>
    <datafield tag="035" ind1="#" ind2="#">
      <subfield code="a">0010-1224000220</subfield>
    </datafield>
    <controlfield tag="007">ta</controlfield>
    <controlfield tag="008">241220################g##########0#eng##</controlfield>
    <datafield tag="020" ind1="#" ind2="#">
      <subfield code="a">0 13 027601 4</subfield>
    </datafield>
    <datafield tag="082" ind1="#" ind2="#">
      <subfield code="a">658.835 5</subfield>
    </datafield>
    <datafield tag="084" ind1="#" ind2="#">
      <subfield code="a">658.835 5 QUE s</subfield>
    </datafield>
    <datafield tag="100" ind1=" " ind2="#">
      <subfield code="a">Quelch, John A.</subfield>
    </datafield>
    <datafield tag="245" ind1="1" ind2="#">
      <subfield code="a">Strategic Marketing Cases for 21st Century ASIA /</subfield>
      <subfield code="c">John A. Quelch</subfield>
    </datafield>
    <datafield tag="260" ind1="#" ind2="#">
      <subfield code="a">Singapore :</subfield>
      <subfield code="b">Prentice Hall,</subfield>
      <subfield code="c">2000</subfield>
    </datafield>
    <datafield tag="300" ind1="#" ind2="#">
      <subfield code="a">404 halaman :</subfield>
      <subfield code="b">ilus ;</subfield>
      <subfield code="c">23,5 cm</subfield>
    </datafield>
    <datafield tag="650" ind1="#" ind2="4">
      <subfield code="a">Marketing</subfield>
    </datafield>
    <datafield tag="520" ind1="#" ind2="#">
      <subfield code="a">Toward the end of 20th century, Asia experienced one of its most tumultuos economic and social periods. During the crisis, long-established businesses folded up, and foreign investors divested - making Asia even more exciting, challenging, and different for maketers and marketing in the region. As regional economies recover, businesses are restructing and refocusing themselves, and are adopting a more market-oriented perspective in attempting to regain their competitiveness.&#13;
&#13;
This book of marketing cases incorporates these developments and much more. The cases from Harvard, INSEAD, and other universities deal with real contemporary marketing management and strategy problems. They follow the Harvard case writing style, giving them the rigor, depth, and length for comprehensive, in-depth analyses. The cases also provide useful materials for marketing practitioners and students as they give added insights into company operations and market responses.</subfield>
    </datafield>
    <datafield tag="990" ind1="#" ind2="#">
      <subfield code="a">03027420</subfield>
    </datafield>
  </record>
</collection>
